Modern biology. (Record no. 24965)

MARC details
000 -LEADER
fixed length control field 00325nam a2200133Ia 4500
082 ## - DEWEY DECIMAL CLASSIFICATION NUMBER
Classification number 057
Item number OTT
100 ## - MAIN ENTRY--AUTHOR NAME
Personal name OTTO, James H
245 #0 - TITLE STATEMENT
Title Modern biology.
260 ## - PUBLICATION, DISTRIBUTION, ETC. (IMPRINT)
Place of publication New York
Name of publisher Holt Reinhart & Winston
Year of publication 1963
650 ## - SUBJECT ADDED ENTRY--TOPICAL TERM
Topical Term Biology
700 ## - ADDED ENTRY--PERSONAL NAME
Personal name TOWLE, Albert
942 ## - ADDED ENTRY ELEMENTS (KOHA)
Koha item type Books
Holdings
Withdrawn status Lost status Damaged status Not for loan Home library Current library Date acquired Full call number Accession Number Koha item type
        RRII Library RRII Library 16/12/2021 057 OTT 05629 Books